000 00330 a2200145 4500
020 _a972-44-0176-6
040 _aULA-LD-MS
082 _a72
_b72
100 _91180
_aMUNARI;Bruno
245 _aDesign e Comunicaȧo Visual
260 _aLisboa,
_bediȯes 70
_c1968.
300 _a374p
650 _aArquitetura
942 _cLivros
999 _c2352
_d2352